Managing Your Anxiety : HBR EMOTIONAL INTELLIGENCE SERIES.

Bibliographic Details
Corporate Author: Harvard Business Review Press
Format: Book
Published: Boston, Massachusetts Harvard Business Review Press [2024]
Series:HBR emotional intelligence series
Subjects:
LEADER 00956cam a2200325 7i4500
001 0000072842
005 20250320090000.0
008 250320t2024 mau# e # 1 eng#d
020 # # |a 9781647825645  
040 # # |a BK 
082 0 4 |a 152.4 
090 0 0 |a 152.4   |b HBR 
245 0 0 |a Managing Your Anxiety :   |b HBR EMOTIONAL INTELLIGENCE SERIES. 
264 # 1 |a Boston, Massachusetts  |b Harvard Business Review Press  |c [2024] 
264 # 4 |c ♭2024 
300 # # |a 135 pages;   |c 18cm. 
336 # # |a text  |2 rdacontent 
337 # # |a unmediated  |2 rdamedia 
338 # # |a volume  |2 rdacarrier 
490 0 # |a HBR emotional intelligence series 
500 # # |a  Includes index. 
504 # # |a Includes bibliographical references 
583 # # |a LULUS 
650 2 0 |a Self-care, Health  
650 1 0 |a Job stress  
650 2 0 |a Anxiety  
710 0 # |a Harvard Business Review Press  
997 # # |a BK 
998 # # |a 1000075809 
999 |a 1000075809  |b BOOK  |c Main Non-Fiction  |e INTAN Bukit Kiara